The new Mamluks : Egyptian society and modern feudalism /

محفوظ في:

المؤلف الرئيسي: Sonbol, Amira El Azhary (مؤلف)

مؤلفون آخرون: Fernea, Robert A. 1932-‪

التنسيق: كتاب

اللغة: English

منشور في: Syracuse, New York : Syracuse University Press, 2000.

الطبعة: 1st ed.

سلاسل: Middle East studies beyond dominant paradigms.

الموضوعات:

الوسوم: إضافة وسم

لا توجد وسوم, كن أول من يضع وسما على هذه التسجيلة!

رقم الطلب: DT100 .S66 2000

LEADER 01119nam a22003374a 4500
001 2017
003 OSt
005 20250505091453.0
008 130303s2000 nyu b 001 0 eng d
010 |a 00035820 
020 |a 0815628455  
035 |a 2078672 
035 |a ocolorc43701602 
040 |c ARCE Library 
042 |a pcc 
043 |a f-ua--- 
050 4 |a DT100 .S66 2000 
100 1 |a Sonbol, Amira El Azhary,  |e author  |9 40299 
245 1 4 |a The new Mamluks :  |b Egyptian society and modern feudalism /  |c Amira El-Azhary Sonbol ; with a foreword by Robert A. Fernea. 
250 |a 1st ed. 
264 1 |a Syracuse, New York :  |b Syracuse University Press,  |c 2000. 
300 |a xli, 292 pages ;  |c 23 cm. 
490 0 |a Middle East studies beyond dominant paradigms. 
504 |a Includes bibliographical references (pages 259-273) and index. 
650 0 |a Political culture  |z Egypt  |y 19th century. 
651 0 |a Egypt  |x History  |y 1798- 
651 0 |a Egypt  |x Social conditions  |y 20th century. 
700 1 |a Fernea, Robert A.   |q (Robert Alan),‪  |d 1932-‪ 
901 |a reviewed 
942 |c BK  |2 lcc 
999 |c 5873  |d 5873